000 00330nam a22001217a 4500
040 _cSY
082 _a631
100 _aNA
245 _aការប្រើប្រាស់ថែទាំ ជួសជុល គោយន្ត ឧបករណ៍កសិកម្ម
260 _aRUA
_bNA
_c2009
300 _a25p.
942 _cKB
999 _c9614
_d9614